Bolton MBC and Redrow Group plc (Record no. 22450)
[ view plain ]
| 000 -LEADER | |
|---|---|
| fixed length control field | 01241cab a2200217 4500 |
| 001 - CONTROL NUMBER | |
| control field | X3902 |
| 008 - FIXED-LENGTH DATA ELEMENTS--GENERAL INFORMATION | |
| fixed length control field | 090401t1997 xxu||||| |||| 00| 0 eng d |
| 035 ## - SYSTEM CONTROL NUMBER | |
| System control number | (Sirsi) u33666 |
| 041 ## - LANGUAGE CODE | |
| Language code of text/sound track or separate title | eng |
| 245 ## - TITLE STATEMENT | |
| Title | Bolton MBC and Redrow Group plc |
| 260 ## - PUBLICATION, DISTRIBUTION, ETC. | |
| Date of publication, distribution, etc. | 1997 |
| 350 ## - PRICE (NR) (BK AM CF MU VM SE) [OBSOLETE] | |
| Price | 0 |
| 490 ## - SERIES STATEMENT | |
| Series statement | Planning Appeal Decisions |
| Volume/sequential designation | [1997] 12 PAD 43-55(13) |
| 520 ## - SUMMARY, ETC. | |
| Summary, etc. | Residential site - 46 and 134 houses - rough grassland - unitary development plan - traffic movements - proposed new bypass - accidents - loss of open space - scale of recent and proposed development in area - adequacy of facilities such as schools - overlooking and loss of privacy - new road junction - visibility standards - speed measurements - acquisition of land outside appellants control - conditions. Costs - unrealistic to expect each concern to be highlighted in grounds for refusal - appellants could seek discussions and explanations - council not bound to accept officers recommendations - appellants misled as to magnitude of separation required. Costs ordered. |
| 650 ## - SUBJECT ADDED ENTRY--TOPICAL TERM | |
| Topical term or geographic name entry element | BOLTON MBC AND REDROW GROUP PLC |
| 650 ## - SUBJECT ADDED ENTRY--TOPICAL TERM | |
| Topical term or geographic name entry element | ROAD DEVLOPMENT |
| 650 ## - SUBJECT ADDED ENTRY--TOPICAL TERM | |
| Topical term or geographic name entry element | UNITARY DEVELOPMENT PLAN |
| 690 ## - LOCAL SUBJECT ADDED ENTRY--TOPICAL TERM (OCLC, RLIN) | |
| Topical term or geographic name as entry element | PLANNING LAW AND PRACTICE-CASE LAW |
| 942 ## - ADDED ENTRY ELEMENTS (KOHA) | |
| Suppress in OPAC | 0 |
| 948 ## - LOCAL PROCESSING INFORMATION (OCLC); SERIES PART DESIGNATOR (RLIN) | |
| c (OCLC) | 04/03/1997 |
| Withdrawn status | Lost status | Source of classification or shelving scheme | Damaged status | Not for loan | Home library | Current library | Shelving location | Date acquired | Total Checkouts | Full call number | Barcode | Date last seen | Copy number | Price effective from | Koha item type |
|---|---|---|---|---|---|---|---|---|---|---|---|---|---|---|---|
| Dewey Decimal Classification | London | London | Journal article | 14/09/1999 | X3902 | 33666-1001 | 06/08/2019 | 1 | 06/08/2019 | Law report |